00568 2200193 4500001002100000005001500021035002000036245006100056100001600117250001200133300003100145856001900176700001500195260006800210082001600278008004100294084002200335990001700357INLIS00000000000001320250711024502 a0010-07250000131 aRumah Untuk Tikus :btidak ada anak judul /cMichele Fry0 aFry,Michele apertama a24hlm. :bilus. ;c22,9 cm aTBM AS-SYUHADA0 aAmy Uzzell aJakarta Timur :bBadan Pengembangan dan Pembinaan Bahasa,c2022 a398.209 598250711 0  a398.209 598 FRY r aTBM202500002